Normal view
MARC view
- الردايدة، أحمد حسن شحادة
Entry Personal Name
001 - CONTROL NUMBER
- control field: 33316
003 - CONTROL NUMBER IDENTIFIER
- control field: JO-AjAnu
005 - DATE AND TIME OF LATEST TRANSACTION
- control field: 20230606075606.0
008 - FIXED-LENGTH DATA ELEMENTS
- fixed length control field: 230606|| aca||aabn | a|a d
040 ## - CATALOGING SOURCE
- Original cataloging agency: JO-AjAnu
- Transcribing agency: JO-AjAnu
100 ## - HEADING--PERSONAL NAME
- Personal name: الردايدة، أحمد حسن شحادة
670 ## - SOURCE DATA FOUND
- Source citation: Work cat.: (JO-AjAnu)17116: الردايدة، أحمد حسن شحادة, author, حوار المسلمين مع أتباع الأديان ودعوة الكتب السماوية المنزلة لتوحيد الله تعالى